[Event "CRI-chT"]
[Site "San Jose"]
[Date "2024.06.09"]
[Round "6.3"]
[White "Acevedo Mendez, Jennifer"]
[Black "Murillo Gonzalez, Carlos Esteban"]
[Result "0-1"]
[WhiteElo "1856"]
[BlackElo "1968"]
[PlyCount "112"]
[EventDate "2024.04.28"]
[EventType "team-swiss"]
[EventRounds "7"]
[EventCountry "CRI"]
[SourceTitle "EXT 2025"]
[Source "ChessBase"]
[SourceDate "2024.10.14"]
[SourceVersion "1"]
[SourceVersionDate "2024.10.14"]
[SourceQuality "1"]
[WhiteTeam "Costa Rica Univ"]
[BlackTeam "CCDR Escazunt"]
[WhiteTeamCountry "CRI"]
[BlackTeamCountry "CRI"]

1. e4 e6 2. d4 d5 3. exd5 exd5 4. Nf3 Bg4 5. Bd3 Nc6 6. c3 Bd6 7. 0-0 Qd7 8. Re1+ Nge7 9. Nbd2 0-0-0 10. b4 f6 11. a4 h5 12. a5 Rde8 13. b5 Nd8 14. Ba3 Bxa3 15. Rxa3 g5 16. b6 a6 17. bxc7 Ndc6 18. Nb3 Qxc7 19. h3 Bf5 20. Nh2 Bxd3 21. Qxd3 Qd7 22. Nc5 Qf5 23. Qd2 Ng6 24. Re3 Rxe3 25. Qxe3 Nf4 26. Ra1 Rh7 27. Qe8+ Kc7 28. Re1 Qc8 29. Qxc8+ Kxc8 30. Nb3 Re7 31. Rxe7 Nxe7 32. Kf1 Kc7 33. Nf3 Ne6 34. Ne1 Kc6 35. Nd3 Kb5 36. Ndc5 Nxc5 37. Nxc5 Kc4 38. Nxb7 Kxc3 39. Nc5 Kxd4 40. Nxa6 Nc6 41. Nc7 Nxa5 42. Ke2 Nc6 43. Ne8 Ke5 44. Kd3 Nd8 45. g3 Ne6 46. f3 h4 47. gxh4 gxh4 48. Ke3 d4+ 49. Kd2 Ng5 50. f4+ Kxf4 51. Nxf6 Ne4+ 52. Nxe4 Kxe4 53. Ke2 Kf4 54. Kd3 Kg3 55. Kxd4 Kxh3 56. Ke3 Kg2 0-1

[Event "CRI-chT"]
[Site "San Jose"]
[Date "2024.04.28"]
[Round "2.3"]
[White "Garcia Delgado, Rafael Eduardo"]
[Black "Murillo Gonzalez, Carlos Esteban"]
[Result "0-1"]
[WhiteElo "1560"]
[BlackElo "1968"]
[PlyCount "72"]
[EventDate "2024.04.28"]
[EventType "team-swiss"]
[EventRounds "7"]
[EventCountry "CRI"]
[SourceTitle "EXT 2025"]
[Source "ChessBase"]
[SourceDate "2024.10.14"]
[SourceVersion "1"]
[SourceVersionDate "2024.10.14"]
[SourceQuality "1"]
[WhiteTeam "Belen Reloaded"]
[BlackTeam "CCDR Escazunt"]
[WhiteTeamCountry "CRI"]
[BlackTeamCountry "CRI"]

1. c4 c5 2. g3 Nf6 3. Bg2 d5 4. cxd5 Nxd5 5. Nc3 Nc7 6. Nf3 Nc6 7. 0-0 e5 8. d3 Be7 9. Bd2 0-0 10. Rc1 f6 11. a3 Rb8 12. Ne4 Ne6 13. Nh4 f5 14. Nc3 Bxh4 15. gxh4 Qxh4 16. Na4 Rf6 17. f4 Rh6 18. h3 Rg6 19. Kh1 Qg3 20. Rg1 Rh6 21. Qf1 Ncd4 22. Be1 Qxf4 23. Rc4 Qxf1 24. Rxf1 b5 25. Rxc5 bxa4 26. Rxe5 Bb7 27. Bxb7 Rxb7 28. Bc3 Rxh3+ 29. Kg2 Rh6 30. e3 Rg6+ 31. Kf2 Nb5 32. Bb4 Rf6 33. Ke2 g6 34. Kd2 h5 35. Kc2 f4 36. exf4 Rxf4 0-1